| 000 | 00414nam a2200133Ia 4500 | ||
|---|---|---|---|
| 008 | 231129s9999||||xx |||||||||||||| ||spa|| | ||
| 020 | _a958-02-0063-7 | ||
| 040 | _bspa | ||
| 082 | _a500.1 I12i (EN PROCESO DE DESCARTE) Ej. 5 | ||
| 100 | _aIbarra Jorge | ||
| 245 | 0 | _aInvestiguemos: Ciencia Integrada | |
| 264 | _aSantafé de Bogotá (Colombia): Voluntad | ||
| 942 |
_2ddc _cBKS |
||
| 999 |
_c16011 _d16011 |
||